Photocatalysts for Organics Degradation (Record no. 27270)
[ view plain ]
| 000 -LEADER | |
|---|---|
| fixed length control field | 00917nam a2200121Ia 4500 |
| 008 - FIXED-LENGTH DATA ELEMENTS--GENERAL INFORMATION | |
| fixed length control field | 220620s9999||||xx |||||||||||||| ||und|| |
| 245 #0 - TITLE STATEMENT | |
| Title | Photocatalysts for Organics Degradation |
| 546 ## - LANGUAGE NOTE | |
| Language note | English[eng] |
| 650 ## - SUBJECT ADDED ENTRY--TOPICAL TERM | |
| Topical term or geographic name entry element | indigo carmine||resin||Dielectric Barrier Discharge||adsorption||regeneration||anatase/brookite biphasic||nitrogen-doping||sol-gel method||visible light photocatalysis||degradation of dyes||polyaniline||titanium dioxide||copper(II) oxide||cobalt oxide(II,III)||photocatalytic fuel cell||graphitic carbon nitride||Fe doping||Z-scheme||strontium aluminates||dye photodecomposition||hydrothermal reaction||sol–gel method||phosphorescence||photocatalytic decomposition of rhodamine B||MIL-53(Fe)||Ni/Fe-MOF||visible light irradiation||n/a |
| 700 ## - ADDED ENTRY--PERSONAL NAME | |
| Personal name | Bonelli, Barbara||Manzoli, Maela||Freyria, Francesca S.||Esposito, Serena |
| 856 ## - ELECTRONIC LOCATION AND ACCESS | |
| Uniform Resource Identifier | <a href="https://mdpi.com/books/pdfview/book/2428">https://mdpi.com/books/pdfview/book/2428</a> |
| 942 ## - ADDED ENTRY ELEMENTS (KOHA) | |
| Koha item type | E-Books |
| Withdrawn status | Lost status | Damaged status | Not for loan | Home library | Current library | Date acquired | Total Checkouts | Date last seen | Price effective from | Koha item type |
|---|---|---|---|---|---|---|---|---|---|---|
| Kerala University of Digital Sciences, Innovation and Technology Knowledge Centre | Kerala University of Digital Sciences, Innovation and Technology Knowledge Centre | 20/06/2022 | 20/06/2022 | 20/06/2022 | E-Books |